Les 15 joueurs avec la plus grosse valeur marchande de ligue 1 24/25 - Statistiques

Statistiques générales
  • Ce quiz a été pris 124 fois
  • Le résultat moyen est 12 sur 15
Statistiques - réponses
Valeur (Millions) Club Joueur % Correct
60 Paris Saint Germain Ousmane Dembélé
96%
50 Paris Saint Germain Bradley Barcola
94%
60 Paris Saint Germain Achraf Hakimi
93%
45 Paris Saint Germain Randal Kolo Muani
91%
50 LOSC Lille Jonathan David
90%
40 Paris Saint Germain Gianluigi Donnarumma
89%
55 Paris Saint Germain Nuno Mendes
88%
55 Paris Saint Germain Vitinha
88%
50 Paris Saint Germain Marquinhos
85%
55 Paris Saint Germain João Neves
82%
50 Paris Saint Germain Gonçalo Ramos
81%
60 Paris Saint Germain Warren Zaïre-Emery
81%
40 Paris Saint Germain Lucas Hernandez
63%
35 Olympique de Marseille Elye Wahi
51%
45 Paris Saint Germain Manuel Ugarte
32%
Aucun quiz correspondant
Distribution des résultats
% des personnes avec chaque résultat
Percentile par nombre de réponses
Votre historique - résultats
Vous n’avez pas pris ce quiz